000 00265nam a22001217a 4500
008 181024b xxu||||| |||| 00| 0 eng d
041 _aeng
080 _a616.12
100 _a7
101 _aKIR
245 _aStarling on the Heart
_cChapman,C.B
942 _2udc
_cBK
999 _c50841
_d50841